Spotreba potravín a jej nutritívne hodnotenie. 1

Zhodnotenie spotreby potravín na Slovensku v roku 1992 a štatistické porovnanie s rokom 1991. Porovnanie spotreby energie a niektorých živín s výživovou odporúčanou dávkou platnou od r.1989 na 1 obyvateľa za deň v SR. Nutritívne hodnotenie spotreby potravín.

Gespeichert in:
Bibliographische Detailangaben
1. Verfasser: Mrázová, M.
Format: Buchkapitel
Sprache:Slowakisch
Schlagworte:
Tags: Tag hinzufügen
Keine Tags, Fügen Sie das erste Tag hinzu!

MARC

LEADER 00000naa a2200000 4500
001 r024003
005 20221205091531.2
041 0 |a slo 
044 |a SK 
245 1 0 |a Spotreba potravín a jej nutritívne hodnotenie. 1  |c M. Mrázová 
520 |a Zhodnotenie spotreby potravín na Slovensku v roku 1992 a štatistické porovnanie s rokom 1991. Porovnanie spotreby energie a niektorých živín s výživovou odporúčanou dávkou platnou od r.1989 na 1 obyvateľa za deň v SR. Nutritívne hodnotenie spotreby potravín. 
610 2 0 |a spotreba potravín 
610 2 0 |a Slovensko 
610 2 0 |a výživa 
610 2 0 |a potraviny 
610 2 0 |a 1991 
610 2 0 |a 1992 
610 2 0 |a údaje štatistické 
100 1 |a Mrázová, M.